[Event "Wch Blitz 7th"]
[Site "Khanty-Mansiysk"]
[Date "2013.06.09"]
[Round "10"]
[White "Kamsky, Gata"]
[Black "Pridorozhni, Aleksei"]
[Result "0-1"]
[WhiteElo "2741"]
[BlackElo "2512"]
[PlyCount "122"]
[EventDate "2013.06.09"]
[EventType "swiss (blitz)"]
[EventRounds "30"]
[EventCountry "RUS"]
[SourceTitle "CBM 154 Extra"]
[Source "ChessBase"]
[SourceDate "2013.06.25"]
[SourceVersion "2"]
[SourceVersionDate "2013.06.25"]
[SourceQuality "1"]

1. d4 d6 2. Nf3 Bg4 3. Nbd2 Nd7 4. c3 Ngf6 5. e4 e5 6. Bd3 Be7 7. O-O O-O 8.
Re1 c6 9. h3 Bh5 10. a4 a5 11. b3 Qc7 12. Bb2 Rfe8 13. Nf1 Bf8 14. Ng3 Bg6 15.
Nh4 d5 16. Nxg6 hxg6 17. dxe5 Nxe5 18. Bf1 Rad8 19. Qc2 Bc5 20. c4 Nf3+ 21.
gxf3 Qxg3+ 22. Bg2 Nh5 23. Bc1 dxc4 24. bxc4 Nf4 25. Bxf4 Qxf4 26. Red1 Bd4 27.
Rab1 b6 28. Rd2 Re6 29. Rbd1 c5 30. Rd3 Rf6 31. Qd2 Qh4 32. Kf1 Re8 33. Rb1
Ree6 34. Rdb3 Kh7 35. Re1 Rf4 36. Rd3 Re5 37. Rxd4 cxd4 38. Qxd4 Qf6 39. Rb1
Re6 40. Qe3 Rh4 41. Kg1 Rh5 42. f4 Rh4 43. e5 Qxf4 44. Qxf4 Rxf4 45. Bd5 Rxe5
46. Rxb6 Re2 47. Rb1 Rfxf2 48. c5 Rb2 49. Rd1 Rfd2 50. Rxd2 Rxd2 51. Bxf7 Rc2
52. Be8 Rxc5 53. Kg2 Rc3 54. Bb5 Kh6 55. Be8 Kg5 56. Bb5 Kf6 57. Kh2 g5 58. Kg2
Ke5 59. Bd7 Kf4 60. Bb5 g4 61. hxg4 Kxg4 0-1

[Event "Wch Blitz 7th"]
[Site "Khanty-Mansiysk"]
[Date "2013.06.09"]
[Round "12"]
[White "Kobalia, Mihail"]
[Black "Kamsky, Gata"]
[Result "1/2-1/2"]
[WhiteElo "2651"]
[BlackElo "2741"]
[PlyCount "102"]
[EventDate "2013.06.09"]
[EventType "swiss (blitz)"]
[EventRounds "30"]
[EventCountry "RUS"]
[SourceTitle "CBM 154 Extra"]
[Source "ChessBase"]
[SourceDate "2013.06.25"]
[SourceVersion "2"]
[SourceVersionDate "2013.06.25"]
[SourceQuality "1"]

1. e4 c6 2. d4 d5 3. exd5 cxd5 4. c4 Nf6 5. Nc3 g6 6. Qb3 Bg7 7. cxd5 O-O 8.
Nge2 Na6 9. g3 Qb6 10. Qxb6 axb6 11. Bg2 Nb4 12. O-O Rd8 13. d6 Rxd6 14. Bf4
Rd7 15. Rfd1 Nfd5 16. Bd2 Rd8 17. a3 Nxc3 18. bxc3 Nc6 19. Bf4 Bg4 20. f3 Be6
21. Bc7 Rdc8 22. Bxb6 Bc4 23. Nf4 e5 24. dxe5 Bxe5 25. Nd5 Bxd5 26. Rxd5 Bxc3
27. Rb1 Rxa3 28. Rd7 Ra2 29. f4 Rd2 30. Rxb7 Nd4 31. Kh1 Nf5 32. Bg1 Kg7 33.
Bh3 Bf6 34. Bxf5 gxf5 35. R7b5 Kg6 36. Rb6 Re8 37. Ra6 Re6 38. Rxe6 fxe6 39.
Rf1 h5 40. Rf2 Rd1 41. Kg2 Bd4 42. Rf1 Rd2+ 43. Kh3 Bf6 44. Re1 Kf7 45. Rb1 Rd3
46. Bf2 h4 47. Re1 Rb3 48. Rd1 hxg3 49. hxg3 e5 50. fxe5 Bxe5 51. Kg2 Ke6
1/2-1/2

[Event "Wch Blitz 7th"]
[Site "Khanty-Mansiysk"]
[Date "2013.06.09"]
[Round "14"]
[White "Gundavaa, Bayarsaihan"]
[Black "Kamsky, Gata"]
[Result "0-1"]
[WhiteElo "2516"]
[BlackElo "2741"]
[PlyCount "75"]
[EventDate "2013.06.09"]
[EventType "swiss (blitz)"]
[EventRounds "30"]
[EventCountry "RUS"]
[SourceTitle "CBM 154 Extra"]
[Source "ChessBase"]
[SourceDate "2013.06.25"]
[SourceVersion "2"]
[SourceVersionDate "2013.06.25"]
[SourceQuality "1"]

1. e4 c6 2. d4 d5 3. e5 Bf5 4. c4 e6 5. Nc3 Nd7 6. a3 h6 7. c5 Ne7 8. b4 Bg6 9.
Nf3 Nf5 10. Be2 Be7 11. O-O O-O 12. b5 f6 13. Bf4 Bh5 14. bxc6 bxc6 15. exf6
Bxf6 16. Ne5 Bxe2 17. Nxe2 Bxe5 18. Bxe5 Nxe5 19. dxe5 Rb8 20. Qa4 Qc7 21. Nf4
Rfe8 22. Nd3 Rb5 23. Rab1 Reb8 24. Rxb5 Rxb5 25. h3 Qb7 26. Nf4 Rxc5 27. Nxe6
Rc4 28. Qa5 Qe7 29. Nd8 Qxe5 30. Qxa7 Qe7 31. Qa8 Qe8 32. a4 d4 33. a5 d3 34.
Qa6 Rc5 35. Nb7 Rd5 36. Qc4 d2 37. Nc5 Kh8 38. Nd3 0-1

[Event "Wch Blitz 7th"]
[Site "Khanty-Mansiysk"]
[Date "2013.06.09"]
[Round "16"]
[White "Kamsky, Gata"]
[Black "Rakhmanov, Alexander"]
[Result "0-1"]
[WhiteElo "2741"]
[BlackElo "2602"]
[PlyCount "80"]
[EventDate "2013.06.09"]
[EventType "swiss (blitz)"]
[EventRounds "30"]
[EventCountry "RUS"]
[SourceTitle "CBM 154 Extra"]
[Source "ChessBase"]
[SourceDate "2013.06.25"]
[SourceVersion "2"]
[SourceVersionDate "2013.06.25"]
[SourceQuality "1"]

1. d4 e6 2. Bf4 d5 3. e3 Bd6 4. Bg3 Nf6 5. Nd2 c5 6. c3 Nc6 7. Bd3 e5 8. dxc5
Bxc5 9. Bb5 Qe7 10. Ngf3 e4 11. Nd4 Bd7 12. N4b3 Bd6 13. Bxc6 bxc6 14. c4 O-O
15. Bxd6 Qxd6 16. c5 Qe5 17. Qc2 a5 18. Nd4 Qg5 19. g3 Ng4 20. Qc3 Qf6 21. Rf1
Nxh2 22. Rh1 Ng4 23. Rf1 Nh2 24. Rh1 Ng4 25. Rf1 Ne5 26. O-O-O Rfb8 27. Kb1 Bg4
28. Rc1 Nd3 29. f3 Rxb2+ 30. Qxb2 Nxb2 31. fxg4 Qg5 32. Kxb2 Qxe3 33. N2b3 a4
34. Rc3 Qg5 35. Na1 Qd2+ 36. Nac2 Rb8+ 37. Nb3 axb3 38. Rxb3 Rxb3+ 39. axb3 d4
40. Ra1 h5 0-1

[Event "Wch Blitz 7th"]
[Site "Khanty-Mansiysk"]
[Date "2013.06.10"]
[Round "17"]
[White "Kamsky, Gata"]
[Black "Salem, AR Saleh"]
[Result "1-0"]
[WhiteElo "2741"]
[BlackElo "2531"]
[PlyCount "59"]
[EventDate "2013.06.09"]
[EventType "swiss (blitz)"]
[EventRounds "30"]
[EventCountry "RUS"]
[SourceTitle "CBM 154 Extra"]
[Source "ChessBase"]
[SourceDate "2013.06.25"]
[SourceVersion "2"]
[SourceVersionDate "2013.06.25"]
[SourceQuality "1"]

1. d4 Nf6 2. Nf3 g6 3. Bf4 Bg7 4. e3 d6 5. h3 O-O 6. Be2 Nc6 7. O-O Nd7 8. Bh2
e5 9. c3 f5 10. a4 Kh8 11. b4 e4 12. Nfd2 d5 13. b5 Ne7 14. c4 c6 15. bxc6 bxc6
16. cxd5 cxd5 17. Nc3 Nf6 18. Nb5 a6 19. Nd6 Be6 20. Nb3 g5 21. Nc5 Bg8 22. Be5
f4 23. exf4 gxf4 24. Bxf4 Ng6 25. Bg3 Qe7 26. Nf5 Qf7 27. Rb1 Nd7 28. Nd6 Qe7
29. Rb7 Rad8 30. Bg4 1-0

[Event "Wch Blitz 7th"]
[Site "Khanty-Mansiysk"]
[Date "2013.06.10"]
[Round "18"]
[White "Salem, AR Saleh"]
[Black "Kamsky, Gata"]
[Result "0-1"]
[WhiteElo "2531"]
[BlackElo "2741"]
[PlyCount "80"]
[EventDate "2013.06.09"]
[EventType "swiss (blitz)"]
[EventRounds "30"]
[EventCountry "RUS"]
[SourceTitle "CBM 154 Extra"]
[Source "ChessBase"]
[SourceDate "2013.06.25"]
[SourceVersion "2"]
[SourceVersionDate "2013.06.25"]
[SourceQuality "1"]

1. d4 d5 2. c4 c6 3. Nc3 Nf6 4. Nf3 a6 5. Bg5 h6 6. Bh4 e6 7. e3 Nbd7 8. Qc2
Be7 9. Rd1 O-O 10. a3 b6 11. Rg1 Bb7 12. g4 Ne8 13. Bxe7 Qxe7 14. g5 hxg5 15.
Nxg5 f5 16. f4 Rf6 17. Qg2 Rh6 18. Bd3 Ndf6 19. cxd5 cxd5 20. Nf3 Ne4 21. Bxe4
fxe4 22. Ne5 Qh4+ 23. Qg3 Qxh2 24. Qxh2 Rxh2 25. Rd2 Rh3 26. Nd1 Rc8 27. Ke2
Nd6 28. Rg6 Rh6 29. Rxh6 gxh6 30. Nf2 Nf5 31. Nfg4 Rc1 32. Nd7 a5 33. Kf2 Kg7
34. Nxb6 h5 35. Ne5 h4 36. Re2 Ba6 37. Rd2 Rf1+ 38. Kg2 Nxe3+ 39. Kh2 Rxf4 40.
Nbd7 Nf1+ 0-1

[Event "Wch Blitz 7th"]
[Site "Khanty-Mansiysk"]
[Date "2013.06.10"]
[Round "19"]
[White "Potkin, Vladimir"]
[Black "Kamsky, Gata"]
[Result "1/2-1/2"]
[WhiteElo "2647"]
[BlackElo "2741"]
[PlyCount "103"]
[EventDate "2013.06.09"]
[EventType "swiss (blitz)"]
[EventRounds "30"]
[EventCountry "RUS"]
[SourceTitle "CBM 154 Extra"]
[Source "ChessBase"]
[SourceDate "2013.06.25"]
[SourceVersion "2"]
[SourceVersionDate "2013.06.25"]
[SourceQuality "1"]

1. d4 d5 2. c4 c6 3. Nc3 Nf6 4. e3 g6 5. Nf3 Bg7 6. Be2 O-O 7. O-O Qb6 8. Bd2
Bg4 9. cxd5 cxd5 10. h3 Bxf3 11. Bxf3 e6 12. Na4 Qd6 13. Qb3 Nc6 14. Rfc1 Rab8
15. Nc5 Rfc8 16. Qa4 Nd7 17. Nxd7 Qxd7 18. Be2 a6 19. a3 Rc7 20. Bf1 Rbc8 21.
Qb3 Ne7 22. Rxc7 Rxc7 23. Rc1 Rxc1 24. Bxc1 Qc6 25. Bd2 Nc8 26. Bd3 Nd6 27. Qc2
Nc4 28. Bc1 Bf8 29. a4 Bb4 30. b3 Na5 31. Qxc6 Nxc6 32. Kf1 f5 33. Ke2 h5 34.
g4 h4 35. gxf5 gxf5 36. f3 Kg7 37. Bb2 Kg6 38. e4 Ba5 39. exf5+ exf5 40. Ke3
Kg5 41. f4+ Kf6 42. Be2 Ke6 43. Bf3 Bb4 44. Kd3 Ne7 45. Bc1 Bd6 46. Bh5 Ng8 47.
Be3 Nf6 48. Bf3 Ne4 49. Be2 Bb4 50. Bf3 Ba5 51. Ke2 Bb4 52. Kd3 1/2-1/2

[Event "Wch Blitz 7th"]
[Site "Khanty-Mansiysk"]
[Date "2013.06.10"]
[Round "20"]
[White "Kamsky, Gata"]
[Black "Potkin, Vladimir"]
[Result "1-0"]
[WhiteElo "2741"]
[BlackElo "2647"]
[PlyCount "83"]
[EventDate "2013.06.09"]
[EventType "swiss (blitz)"]
[EventRounds "30"]
[EventCountry "RUS"]
[SourceTitle "CBM 154 Extra"]
[Source "ChessBase"]
[SourceDate "2013.06.25"]
[SourceVersion "2"]
[SourceVersionDate "2013.06.25"]
[SourceQuality "1"]

1. d4 d5 2. c3 Nf6 3. Nf3 e6 4. Bf4 c5 5. e3 Nc6 6. Nbd2 Bd6 7. Bg3 Bxg3 8.
hxg3 Qd6 9. Bb5 Bd7 10. Bxc6 Bxc6 11. Ne5 Nd7 12. f4 Nxe5 13. fxe5 Qe7 14. Qg4
f5 15. Qh5+ Kd7 16. a4 Kc7 17. dxc5 Qxc5 18. Qg5 Qf8 19. Nf3 h6 20. Qg6 Bd7 21.
Nd4 Re8 22. a5 Kb8 23. Kd2 Rg8 24. b4 Qe7 25. a6 b6 26. Qh5 Rc8 27. Rhc1 Rc4
28. Rc2 Rgc8 29. Qg6 R8c7 30. g4 fxg4 31. Rf1 Qg5 32. Qxg5 hxg5 33. Rf8+ Rc8
34. Rf7 R4c7 35. Rc1 Rh8 36. Rxg7 Rh2 37. Rg1 Rh5 38. Rf1 Bc8 39. Rxc7 Kxc7 40.
Rf7+ Bd7 41. Nxe6+ Kc6 42. Nd4+ 1-0

[Event "Wch Blitz 7th"]
[Site "Khanty-Mansiysk"]
[Date "2013.06.10"]
[Round "21"]
[White "Kamsky, Gata"]
[Black "Zvjaginsev, Vadim"]
[Result "1/2-1/2"]
[WhiteElo "2741"]
[BlackElo "2659"]
[PlyCount "70"]
[EventDate "2013.06.09"]
[EventType "swiss (blitz)"]
[EventRounds "30"]
[EventCountry "RUS"]
[SourceTitle "CBM 154 Extra"]
[Source "ChessBase"]
[SourceDate "2013.06.25"]
[SourceVersion "2"]
[SourceVersionDate "2013.06.25"]
[SourceQuality "1"]

1. d4 Nf6 2. Nf3 c5 3. c3 e6 4. Bf4 Qb6 5. Qb3 cxd4 6. Nxd4 Bc5 7. Qxb6 Bxb6 8.
Nb5 d5 9. Nd2 O-O 10. Nc7 Bxc7 11. Bxc7 Nc6 12. g3 e5 13. Bd6 Rd8 14. Ba3 Be6
15. Bg2 Rac8 16. Nb3 b6 17. O-O d4 18. cxd4 Nxd4 19. Nxd4 exd4 20. Be7 Rd7 21.
Bxf6 gxf6 22. Be4 Rc5 23. Rfd1 f5 24. Bd3 Kg7 25. Rd2 Kf6 26. f3 Rd8 27. a3 f4
28. Kf2 Rh5 29. Kg2 Bh3+ 30. Kg1 Rg8 31. Kf2 Be6 32. Kg2 Bh3+ 33. Kf2 Be6 34.
Kg2 Bh3+ 35. Kf2 Be6 1/2-1/2

[Event "Wch Blitz 7th"]
[Site "Khanty-Mansiysk"]
[Date "2013.06.10"]
[Round "23"]
[White "Kamsky, Gata"]
[Black "Bologan, Viktor"]
[Result "0-1"]
[WhiteElo "2741"]
[BlackElo "2672"]
[PlyCount "98"]
[EventDate "2013.06.09"]
[EventType "swiss (blitz)"]
[EventRounds "30"]
[EventCountry "RUS"]
[SourceTitle "CBM 154 Extra"]
[Source "ChessBase"]
[SourceDate "2013.06.25"]
[SourceVersion "2"]
[SourceVersionDate "2013.06.25"]
[SourceQuality "1"]

1. d4 g6 2. c3 Bg7 3. e4 d6 4. Nf3 Nd7 5. Bd3 e5 6. O-O Ngf6 7. Re1 O-O 8. h3
b6 9. a4 a5 10. Bg5 h6 11. Bh4 Bb7 12. Nbd2 Qe8 13. Bb5 Qc8 14. Bg3 Re8 15.
dxe5 dxe5 16. Qc2 Nh5 17. Bh2 Nf4 18. Rad1 Re7 19. Nc4 Nc5 20. b4 axb4 21. cxb4
Nce6 22. Ncxe5 c5 23. Bd7 Qf8 24. Bxe6 Nxe6 25. Nd7 Rxd7 26. Rxd7 Bc6 27. Rd6
Bxa4 28. Qd2 Nd4 29. Nxd4 cxd4 30. e5 b5 31. Qxd4 Bb3 32. Bg3 Bc4 33. Bh4 g5
34. Bg3 Qc8 35. Rd1 Qf5 36. Rd8+ Rxd8 37. Qxd8+ Kh7 38. Qd7 Qc2 39. Qd2 Qf5 40.
Re1 Kg8 41. Qd4 Bf8 42. Qd8 Kg7 43. Qf6+ Qxf6 44. exf6+ Kg6 45. Rb1 Kxf6 46. f3
Ke6 47. Bf2 Kd5 48. Be3 Bd3 49. Bd2 Bxb1 0-1

[Event "Wch Blitz 7th"]
[Site "Khanty-Mansiysk"]
[Date "2013.06.10"]
[Round "24"]
[White "Bologan, Viktor"]
[Black "Kamsky, Gata"]
[Result "1/2-1/2"]
[WhiteElo "2672"]
[BlackElo "2741"]
[PlyCount "105"]
[EventDate "2013.06.09"]
[EventType "swiss (blitz)"]
[EventRounds "30"]
[EventCountry "RUS"]
[SourceTitle "CBM 154 Extra"]
[Source "ChessBase"]
[SourceDate "2013.06.25"]
[SourceVersion "2"]
[SourceVersionDate "2013.06.25"]
[SourceQuality "1"]

1. e4 c6 2. Nf3 d5 3. Nc3 Bg4 4. Be2 e6 5. h3 Bxf3 6. Bxf3 Nf6 7. d4 dxe4 8.
Nxe4 Nxe4 9. Bxe4 Nd7 10. c3 Nf6 11. Bc2 Bd6 12. Qf3 Qa5 13. O-O O-O 14. a3
Rfd8 15. g3 Qd5 16. Kg2 b5 17. Re1 a5 18. a4 b4 19. Bd2 Rab8 20. Rab1 h6 21.
Bd3 c5 22. Qxd5 Nxd5 23. Red1 bxc3 24. bxc3 cxd4 25. cxd4 Bb4 26. Be4 Bxd2 27.
Rxb8 Rxb8 28. Bxd5 Rb2 29. Bc6 Be3 30. Kf3 Bxf2 31. d5 exd5 32. Rxd5 Be1 33.
Rd3 Rf2+ 34. Ke3 Rf6 35. Be4 g6 36. g4 Bb4 37. Rd7 Kf8 38. Bd5 Bc5+ 39. Kd3 Rf4
40. Bc4 Be7 41. Ra7 Bb4 42. Rd7 Kg7 43. Rb7 g5 44. Rd7 Kg6 45. Bd5 Bc5 46. Be4+
Kf6 47. Rd5 Bb4 48. Rf5+ Rxf5 49. Bxf5 Ke5 50. Ke3 Bc5+ 51. Kf3 Kd4 52. Kg2 Ke3
53. Bd7 1/2-1/2

[Event "Wch Blitz 7th"]
[Site "Khanty-Mansiysk"]
[Date "2013.06.10"]
[Round "25"]
[White "Vasquez Schroder, Rodrigo Rafael"]
[Black "Kamsky, Gata"]
[Result "0-1"]
[WhiteElo "2542"]
[BlackElo "2741"]
[PlyCount "42"]
[EventDate "2013.06.09"]
[EventType "swiss (blitz)"]
[EventRounds "30"]
[EventCountry "RUS"]
[SourceTitle "CBM 154 Extra"]
[Source "ChessBase"]
[SourceDate "2013.06.25"]
[SourceVersion "2"]
[SourceVersionDate "2013.06.25"]
[SourceQuality "1"]

1. e4 c6 2. d4 d5 3. exd5 cxd5 4. c4 Nf6 5. Nc3 g6 6. Qb3 Bg7 7. cxd5 O-O 8.
Bc4 Nbd7 9. Nge2 Nb6 10. O-O Nxc4 11. Qxc4 b6 12. Bg5 Bb7 13. Bxf6 Bxf6 14.
Rfe1 Qd7 15. Nf4 Rac8 16. Qb4 Qf5 17. g3 Rc7 18. Re4 Rxc3 19. Rxe7 Bxe7 20.
Qxe7 Rc2 21. Qxb7 g5 0-1

[Event "Wch Blitz 7th"]
[Site "Khanty-Mansiysk"]
[Date "2013.06.10"]
[Round "26"]
[White "Kamsky, Gata"]
[Black "Vasquez Schroder, Rodrigo Rafael"]
[Result "1-0"]
[WhiteElo "2741"]
[BlackElo "2542"]
[PlyCount "145"]
[EventDate "2013.06.09"]
[EventType "swiss (blitz)"]
[EventRounds "30"]
[EventCountry "RUS"]
[SourceTitle "CBM 154 Extra"]
[Source "ChessBase"]
[SourceDate "2013.06.25"]
[SourceVersion "2"]
[SourceVersionDate "2013.06.25"]
[SourceQuality "1"]

1. d4 d5 2. c3 Nf6 3. Nf3 c6 4. Bf4 Bf5 5. e3 e6 6. Qb3 Qb6 7. h3 h6 8. Nbd2
Nbd7 9. Be2 Be7 10. c4 a5 11. c5 Qa7 12. O-O O-O 13. Rfc1 Rfc8 14. Ne5 Nxe5 15.
Bxe5 Nd7 16. Bg3 a4 17. Qd1 b6 18. b4 bxc5 19. bxc5 Bd8 20. Bg4 Bg6 21. Bh5 Bh7
22. Be2 Bc7 23. Bxc7 Rxc7 24. Nf3 Rb7 25. Ne1 Rab8 26. Bd3 Bxd3 27. Nxd3 Re8
28. Rab1 Reb8 29. a3 Rxb1 30. Rxb1 Rxb1 31. Qxb1 Qa6 32. Nb4 Qb5 33. Qd3 f5 34.
Qxb5 cxb5 35. Nc6 Kf8 36. Kf1 Ke8 37. Ke2 Kf7 38. Kd3 g5 39. Na7 e5 40. Nxb5
e4+ 41. Ke2 f4 42. Nc3 Ke6 43. Nxa4 Nb8 44. Nc3 Nc6 45. a4 h5 46. f3 exf3+ 47.
Kxf3 fxe3 48. Kxe3 Na5 49. Ne2 Nc4+ 50. Kf2 h4 51. Ng1 Kf5 52. Nf3 Kf4 53. c6
Nd6 54. a5 Nc8 55. a6 Kf5 56. Ne5 Ke4 57. Nf3 Kd3 58. c7 Kc4 59. Ke3 Kb5 60.
Nxg5 Kxa6 61. Nf3 Kb6 62. Nxh4 Kxc7 63. Nf5 Kd7 64. g4 Ke6 65. Kf4 Nb6 66. g5
Nc4 67. h4 Nb2 68. Ng7+ Kf7 69. Nh5 Ke6 70. g6 Nd3+ 71. Kg5 Nf2 72. Nf4+ Ke7
73. Nxd5+ 1-0

[Event "Wch Blitz 7th"]
[Site "Khanty-Mansiysk"]
[Date "2013.06.10"]
[Round "27"]
[White "Inarkiev, Ernesto"]
[Black "Kamsky, Gata"]
[Result "0-1"]
[WhiteElo "2680"]
[BlackElo "2741"]
[PlyCount "60"]
[EventDate "2013.06.09"]
[EventType "swiss (blitz)"]
[EventRounds "30"]
[EventCountry "RUS"]
[SourceTitle "CBM 154 Extra"]
[Source "ChessBase"]
[SourceDate "2013.06.25"]
[SourceVersion "2"]
[SourceVersionDate "2013.06.25"]
[SourceQuality "1"]

1. e4 c6 2. d4 d5 3. e5 Bf5 4. Nf3 e6 5. Be2 Ne7 6. O-O Nd7 7. Nbd2 h6 8. Nb3
Bh7 9. a4 Nf5 10. a5 a6 11. c4 Be7 12. Bd2 O-O 13. Bc3 Rc8 14. Re1 c5 15. cxd5
exd5 16. dxc5 Nxc5 17. Nxc5 Bxc5 18. Nd4 Nxd4 19. Bxd4 Bb4 20. Bg4 Rc4 21. Bc3
Rxc3 22. bxc3 Bxc3 23. e6 fxe6 24. Bxe6+ Kh8 25. Ra3 Bxe1 26. Qxe1 d4 27. Bc4
d3 28. Qd2 Qd4 29. Bb3 Re8 30. Bd1 Qe5 0-1

[Event "Wch Blitz 7th"]
[Site "Khanty-Mansiysk"]
[Date "2013.06.10"]
[Round "28"]
[White "Kamsky, Gata"]
[Black "Inarkiev, Ernesto"]
[Result "1-0"]
[WhiteElo "2741"]
[BlackElo "2680"]
[PlyCount "83"]
[EventDate "2013.06.09"]
[EventType "swiss (blitz)"]
[EventRounds "30"]
[EventCountry "RUS"]
[SourceTitle "CBM 154 Extra"]
[Source "ChessBase"]
[SourceDate "2013.06.25"]
[SourceVersion "2"]
[SourceVersionDate "2013.06.25"]
[SourceQuality "1"]

1. d4 Nf6 2. Nf3 g6 3. Bf4 Bg7 4. e3 b6 5. h3 Bb7 6. c3 O-O 7. Be2 d6 8. O-O
Nbd7 9. Bh2 e6 10. a4 a5 11. Na3 Qe7 12. Nb5 Rac8 13. Nd2 e5 14. Bf3 d5 15. c4
c6 16. Nc3 Rfe8 17. Qb3 Ba6 18. Rfd1 exd4 19. exd4 c5 20. cxd5 cxd4 21. d6 Qd8
22. Nb5 Nc5 23. Qa3 Bxb5 24. axb5 Bf8 25. Nc4 d3 26. Bc6 Re6 27. Rxd3 Nxd3 28.
Qxd3 Nd7 29. Rd1 Nb8 30. Bd5 Rf6 31. Be5 Rf5 32. g4 Qg5 33. f4 Rxf4 34. Bxf4
Qxf4 35. Rf1 Rxc4 36. Bxc4 Qxd6 37. Qxd6 Bxd6 38. Rxf7 Kh8 39. Be6 h6 40. Kg2
a4 41. Kf3 Be5 42. Rb7 1-0

[Event "Wch Blitz 7th"]
[Site "Khanty-Mansiysk"]
[Date "2013.06.10"]
[Round "29"]
[White "Kamsky, Gata"]
[Black "Nguyen, Ngoc Truong Son"]
[Result "1/2-1/2"]
[WhiteElo "2741"]
[BlackElo "2625"]
[PlyCount "125"]
[EventDate "2013.06.09"]
[EventType "swiss (blitz)"]
[EventRounds "30"]
[EventCountry "RUS"]
[SourceTitle "CBM 154 Extra"]
[Source "ChessBase"]
[SourceDate "2013.06.25"]
[SourceVersion "2"]
[SourceVersionDate "2013.06.25"]
[SourceQuality "1"]

1. d4 d5 2. c3 c6 3. Bf4 Bf5 4. e3 e6 5. Nf3 Nf6 6. h3 h6 7. Nbd2 Nbd7 8. Qb3
Qb6 9. Be2 Ne4 10. O-O Nxd2 11. Nxd2 Be7 12. c4 Qxb3 13. axb3 Bb4 14. Nf3 Bc2
15. Ra4 a5 16. Rfa1 O-O 17. Bd1 Bxd1 18. Rxd1 dxc4 19. bxc4 Nb6 20. Ra2 Nxc4
21. b3 Nb6 22. Ne5 Nd5 23. Rc1 Nxf4 24. exf4 Rfd8 25. Nf3 Rd5 26. g3 Rad8 27.
Rc4 Bd6 28. Kf1 Rb5 29. Rc3 Be7 30. Ke2 Bf6 31. Ra4 Rdd5 32. Rac4 g5 33. Ke3
gxf4+ 34. Kxf4 Bxd4 35. Nxd4 e5+ 36. Ke4 exd4 37. Rxd4 Kf8 38. g4 Ke7 39. f4
Rxd4+ 40. Kxd4 Kd6 41. Ke4 Rd5 42. h4 b5 43. g5 hxg5 44. fxg5 c5 45. Kf4 Rd4+
46. Kg3 a4 47. bxa4 Rxa4 48. h5 b4 49. Rd3+ Ke5 50. h6 Ra8 51. Rf3 c4 52. Rxf7
c3 53. Rc7 Kd4 54. Rd7+ Ke3 55. Re7+ Kd3 56. Rd7+ Ke4 57. Rc7 Rb8 58. h7 Kf5
59. Rb7 Rc8 60. Rxb4 c2 61. h8=Q Rxh8 62. Rc4 Kxg5 63. Rxc2 1/2-1/2

[Event "Wch Blitz 7th"]
[Site "Khanty-Mansiysk"]
[Date "2013.06.10"]
[Round "30"]
[White "Nguyen, Ngoc Truong Son"]
[Black "Kamsky, Gata"]
[Result "1-0"]
[WhiteElo "2625"]
[BlackElo "2741"]
[PlyCount "175"]
[EventDate "2013.06.09"]
[EventType "swiss (blitz)"]
[EventRounds "30"]
[EventCountry "RUS"]
[SourceTitle "CBM 154 Extra"]
[Source "ChessBase"]
[SourceDate "2013.06.25"]
[SourceVersion "2"]
[SourceVersionDate "2013.06.25"]
[SourceQuality "1"]

1. d4 d5 2. c4 c6 3. cxd5 cxd5 4. Nc3 e6 5. Bf4 Bd6 6. Bg3 Ne7 7. e3 O-O 8. Bd3
Nbc6 9. Nf3 h6 10. O-O b6 11. Ne5 Bb7 12. f4 f6 13. Nf3 Nb4 14. Bb1 Ba6 15. Re1
Rc8 16. a3 Nbc6 17. Qc2 f5 18. Bh4 Qe8 19. Bxe7 Bxe7 20. Qd1 Na5 21. Bd3 Nc4
22. Qe2 Bb7 23. Rec1 Bf6 24. Nd1 Rf7 25. Bxc4 dxc4 26. Rxc4 Ba6 27. Rxc8 Qxc8
28. Qd2 Rc7 29. Nc3 Bb7 30. Rc1 Qa8 31. Kf2 g5 32. Ne2 Rg7 33. Ng3 Bxf3 34.
gxf3 gxf4 35. exf4 Qd5 36. Ne2 Kh7 37. Qe3 Rd7 38. Rd1 Rc7 39. Nc3 Qb3 40. Rd2
Bh4+ 41. Ke2 Rg7 42. Kf1 Bf6 43. d5 Qc4+ 44. Ne2 Re7 45. d6 Rg7 46. b3 Qc8 47.
d7 Qg8 48. Ng3 Bd8 49. Rd6 Rg6 50. Qe5 h5 51. Qe3 h4 52. Ne2 h3 53. Ke1 Qf7 54.
b4 Qe7 55. Rd3 Qh4+ 56. Qf2 Qf6 57. Nd4 Rg7 58. Nc6 Bc7 59. Qd4 Qh4+ 60. Kd2
Bxf4+ 61. Kc2 Bg5 62. Qxh4+ Bxh4 63. d8=Q Bxd8 64. Nxd8 e5 65. Nc6 e4 66. fxe4
Rg2+ 67. Rd2 fxe4 68. Kd1 e3 69. Re2 Kg6 70. Nd4 Kg5 71. Rxg2+ hxg2 72. Nf3+
Kf4 73. Ke2 b5 74. Ng1 a6 75. h4 Kg4 76. Kxe3 Kxh4 77. Kf3 Kg5 78. Kxg2 Kf4 79.
Kf2 Ke4 80. Ke2 Kd4 81. Kd2 Kd5 82. Kc3 Kc6 83. Kd4 Kd6 84. Nf3 Kc6 85. Ke5 Kb6
86. Kd6 a5 87. Nd4 axb4 88. axb4 1-0